000 00565nam a2200193Ia 4500
003 GCL
008 140319s9999 xx 000 0 ara d
040 _aGCL /
_cGCL
082 0 4 _a791.53
_bا ح
100 1 _aرمسيس يونان
245 1 0 _aحرفتى او مسرح الاراجوز /
_cرمسيس يونان
700 1 _aابرازوف، س.
300 _a384 ص
490 _aالهيئة العامة للاستعلامات
_v0
650 0 4 _aالمسرح
650 0 4 _aمسرح العرائس
650 0 4 _aمسرح الاطفال
942 _2ddc
_cBK
999 _c49993
_d49993